Common carp (Record no. 9670)

000 -LEADER
fixed length control field 00212nam a22001217a 4500
040 ## - CATALOGING SOURCE
Transcribing agency SK
082 ## - DEWEY DECIMAL CLASSIFICATION NUMBER
Classification number 639
100 ## - MAIN ENTRY--AUTHOR NAME
Personal name FAO
245 ## - TITLE STATEMENT
Title Common carp
260 ## - PUBLICATION, DISTRIBUTION, ETC. (IMPRINT)
Place of publication ROME
Name of publisher FAO
Year of publication 1985
300 ## - PHYSICAL DESCRIPTION
Number of Pages 85p.
942 ## - ADDED ENTRY ELEMENTS (KOHA)
Koha item type សៀវភៅភាសាអង់គ្លេស
952 ## - LOCATION AND ITEM INFORMATION (KOHA)
Withdrawn status [LOCAL, KOHA] 0
952 ## - LOCATION AND ITEM INFORMATION (KOHA)
Withdrawn status [LOCAL, KOHA] 0
952 ## - LOCATION AND ITEM INFORMATION (KOHA)
Withdrawn status [LOCAL, KOHA] 0
Holdings
Permanent Location Date acquired Koha item type Lost status Shelving location Barcode Current Location Full call number
Library Block C2016-09-06សៀវភៅភាសាអង់គ្លេស C238A00499Library Block C639 FAO 1985 C238
Library Block C2016-09-06សៀវភៅភាសាអង់គ្លេស C238A00960Library Block C639 FAO 1985 C238
Library Block C2016-09-06សៀវភៅភាសាអង់គ្លេស C238RUA41712Library Block C639 FAO 1985 C238
មជ្ឈមណ្ឌលឯការនៃសាកលវិទ្យាល័យភូមិន្ទកសិកម្មចំការដូង

Powered by Koha